Zgadnij zawodnika po zdjęciu - Statystyki

Ogólne statystyki
  • Ten quiz został rozwiązany 24 razy
  • Średni wynik to 8 z 11
Statystyki odpowiedzi
Obrazkowy Odpowiedź % Poprawnych
Messi
100%
Ronaldo
100%
Mbappe
86%
Dembele
81%
Suarez
81%
Haaland
76%
Iniesta
76%
Morata
71%
Sterling
62%
Fati
57%
Lewamdowski
5%
Nie znaleziono quizów pasujących do podanych kryteriów
Rozkład punktacji
Procent ludzi z każdym wynikiem
Percentyl według liczby udzielonych odpowiedzi
Twoja historia wyników
Nie rozwiązałeś tego quizu